[Event "Vienna Husek op-B"]
[Site "Vienna"]
[Date "2012.08.18"]
[Round "6"]
[White "Lamb, Ian"]
[Black "Wach, Thomas"]
[Result "1/2-1/2"]
[WhiteElo "1675"]
[BlackElo "1780"]
[PlyCount "156"]
[EventDate "2012.08.13"]
[EventType "swiss"]
[EventRounds "7"]
[EventCountry "AUT"]
[SourceTitle "EXT 2014"]
[Source "ChessBase"]
[SourceDate "2013.11.20"]
[SourceVersion "1"]
[SourceVersionDate "2013.11.20"]
[SourceQuality "1"]

1. Nf3 c5 2. c4 Nc6 3. Nc3 Nf6 4. g3 e6 5. Bg2 Be7 6. 0-0 d5 7. d4 dxc4 8. Qa4 0-0 9. dxc5 Bxc5 10. Rd1 Qb6 11. e3 e5 12. Nd2 Bxe3 13. fxe3 Qxe3+ 14. Kh1 Ng4 15. Nde4 Qb6 16. h3 Ne3 17. Bxe3 Qxe3 18. Qxc4 Be6 19. Qc5 Qh6 20. Kh2 f5 21. Nf2 f4 22. Nce4 fxg3+ 23. Nxg3 Rf4 24. Rd6 Raf8 25. Rxe6 Qxe6 26. Bd5 Rxf2+ 27. Kg1 Qxd5 28. Qxd5+ Kh8 29. Rf1 Rxf1+ 30. Nxf1 Nd4 31. Qxb7 Ne2+ 32. Kg2 Nf4+ 33. Kg3 Ne2+ 34. Kg2 Nf4+ 35. Kh2 Ne2 36. Qxa7 Nd4 37. Qc7 Kg8 38. Kg2 h6 39. Qxe5 Nf5 40. Qe6+ Kh8 41. Qb6 Nh4+ 42. Kg1 Nf3+ 43. Kh1 Rf6 44. Qd8+ Kh7 45. Qxf6 gxf6 46. a4 Nd4 47. b4 Kg6 48. b5 Kf7 49. Ne3 h5 50. Kg2 Ke6 51. Kg3 Kd6 52. Kh4 f5 53. Kxh5 f4 54. Nf1 Kc5 55. Kg4 Kb4 56. h4 Kxa4 57. b6 Kb5 58. b7 Nc6 59. h5 Kb6 60. b8Q+ Nxb8 61. h6 Nd7 62. Kg5 Nf8 63. Kf6 Kc6 64. Kf7 Nh7 65. Kg7 Ng5 66. Kg6 Ne6 67. Kf5 Nf8 68. Kxf4 Kd6 69. Kf5 Ke7 70. Ne3 Kf7 71. Ng4 Ng6 72. Nf6 Nh8 73. Kg5 Ng6 74. Ne4 Nh8 75. Nf6 Ng6 76. Ne4 Nh8 77. Nd6+ Kg8 78. Ne8 Nf7+ 1/2-1/2

[Event "Vienna Husek op-B"]
[Site "Vienna"]
[Date "2012.08.15"]
[Round "3"]
[White "Wach, Thomas"]
[Black "Birg, Jovan"]
[Result "0-1"]
[WhiteElo "1780"]
[BlackElo "1965"]
[PlyCount "54"]
[EventDate "2012.08.13"]
[EventType "swiss"]
[EventRounds "7"]
[EventCountry "AUT"]
[SourceTitle "EXT 2014"]
[Source "ChessBase"]
[SourceDate "2013.11.20"]
[SourceVersion "1"]
[SourceVersionDate "2013.11.20"]
[SourceQuality "1"]

1. e4 e5 2. Nf3 d6 3. d4 Nd7 4. Nc3 c6 5. Bc4 Be7 6. 0-0 Ngf6 7. dxe5 dxe5 8. h3 0-0 9. Be3 b5 10. Bd3 a6 11. a3 Bb7 12. b4 Qc7 13. Qd2 Rfd8 14. Rfd1 c5 15. Nd5 Bxd5 16. exd5 e4 17. Bxb5 axb5 18. d6 Bxd6 19. Qxd6 Qxd6 20. Rxd6 exf3 21. Rad1 cxb4 22. axb4 fxg2 23. Bg5 Rdc8 24. Kxg2 h6 25. Bxf6 Nxf6 26. Rb6 Rxc2 27. Rxb5 Raa2 0-1

[Event "Tirol-ch"]
[Site "Kramsach"]
[Date "2007.06.25"]
[Round "2.11"]
[White "Stiegernigg, Markus"]
[Black "Wach, Thomas"]
[Result "1-0"]
[WhiteElo "1489"]
[BlackElo "1784"]
[PlyCount "87"]
[EventDate "2007.06.24"]
[EventType "swiss"]
[EventRounds "7"]
[EventCountry "AUT"]
[SourceTitle "EXT 2024"]
[Source "ChessBase"]
[SourceDate "2023.10.10"]
[SourceVersion "1"]
[SourceVersionDate "2023.10.10"]
[SourceQuality "1"]

1. d4 Nf6 2. Bg5 c5 3. d5 d6 4. Nc3 Bf5 5. e3 Nbd7 6. Nf3 a6 7. Nh4 e6 8. Nxf5 exf5 9. Bd3 g6 10. 0-0 Bg7 11. e4 fxe4 12. Nxe4 Ne5 13. Nxf6+ Bxf6 14. Bh6 Qd7 15. Re1 0-0-0 16. Bf1 g5 17. f4 Rhg8 18. fxe5 Bxe5 19. Bd3 f6 20. Rf1 Kb8 21. Rb1 Qa4 22. c4 Qe8 23. b4 Rc8 24. bxc5 Rxc5 25. Qb3 Rc7 26. Qd1 Rf7 27. Bf5 Rc7 28. Bd3 Re7 29. Kh1 Bf4 30. Rxf4 gxf4 31. Bxf4 Qd7 32. Bf5 Qc7 33. Qa4 Rge8 34. Be6 Ka8 35. Qb4 a5 36. Qc3 Qc5 37. Be3 Qc7 38. Qd4 Qc5 39. Qc3 Qc7 40. Bb6 Rxe6 41. Qxa5+ Kb8 42. Bxc7+ Kc8 43. dxe6 Rxe6 44. Re1 1-0

[Event "Tirol-ch"]
[Site "Kramsach"]
[Date "2007.06.24"]
[Round "1.3"]
[White "Wach, Thomas"]
[Black "Natter, Siegfried"]
[Result "0-1"]
[WhiteElo "1784"]
[BlackElo "2211"]
[PlyCount "30"]
[EventDate "2007.06.24"]
[EventType "swiss"]
[EventRounds "7"]
[EventCountry "AUT"]
[SourceTitle "EXT 2024"]
[Source "ChessBase"]
[SourceDate "2023.10.10"]
[SourceVersion "1"]
[SourceVersionDate "2023.10.10"]
[SourceQuality "1"]

1. e4 c5 2. Nf3 Nc6 3. d4 cxd4 4. Nxd4 Qb6 5. Nb3 Nf6 6. Nc3 e6 7. Be3 Qc7 8. Nb5 Qb8 9. Qd2 Nxe4 10. Qd3 d5 11. f3 Nf6 12. c4 a6 13. cxd5 Nxd5 14. Nc3 Ncb4 15. Qe2 Nxe3 0-1